logo

Bir Sreshtho Munshi Abdur Rouf Library
Jhenaidah Cadet College

Apollonius of Rhodes / (Record no. 14371)

MARC details
000 -LEADER
fixed length control field 00669nam a22002537a 4500
001 - CONTROL NUMBER
JCCL Control Number 14371
003 - CONTROL NUMBER IDENTIFIER
JCCL marc code BD-JhCC
005 - DATE AND TIME OF LATEST TRANSACTION
control field 20250730125727.0
008 - FIXED-LENGTH DATA ELEMENTS--GENERAL INFORMATION
fixed length control field 250730b |||||||| |||| 00| 0 eng d
020 ## - INTERNATIONAL STANDARD BOOK NUMBER
International Standard Book Number 9780141397948
035 ## - SYSTEM CONTROL NUMBER
system control number (BD-JhCC) 14371
040 ## - CATALOGING SOURCE
Original cataloging agency BD-JhCC
Modifying agency BD-JhCC
041 ## - LANGUAGE CODE
Language code of Book eng
082 ## - DEWEY DECIMAL CLASSIFICATION NUMBER
DDC Edition number 23
Classification number 823
Author mark and Year MED
100 ## - MAIN ENTRY--PERSONAL NAME
Personal name Jason
245 ## - TITLE STATEMENT
Title Apollonius of Rhodes /
Statement of responsibility, etc Jason and Medea, Translated by E.V. Rieu
260 ## - PUBLICATION, DISTRIBUTION, ETC. (IMPRINT)
Place of publication, distribution, etc India:
Name of publisher, distributor, etc Penguin Classics,
Date of publication, distribution, etc 2015
300 ## - PHYSICAL DESCRIPTION
Pagination 49 p.;
Dimensions 16 cm.
490 ## - SERIES STATEMENT
Series statement Penguin Little Black Classics
Volume number/sequential designation 18
650 ## - SUBJECT ADDED ENTRY--TOPICAL TERM
Topical term or geographic name as entry element English Fiction
Form subdivision Tale of Love
700 ## - ADDED ENTRY--PERSONAL NAME
Personal name Medea
700 ## - ADDED ENTRY--PERSONAL NAME
Personal name Rieu E.V.
942 ## - ADDED ENTRY ELEMENTS (KOHA)
Source of classification or shelving scheme Dewey Decimal Classification
Koha item type Books
Holdings
Source of classification or shelving scheme Damaged status Not for loan Collection code Home library Current library Shelving location Date of accession Total Checkouts Full call number Barcode Date last seen Copy number Koha item type
Dewey Decimal Classification     Fiction JCC Rouf Library JCC Rouf Library General Stacks     823 MED 20121 12/07/2025 C-1 Books

JCC Library | Contacts | JCC Home

Last Update on 23 September 2017
Copyright @ 2017-2020 JCC Rouf Library
Rouf Library, Jhenidah Cadet College (JCC), Bangladesh